000 00458nam a2200181Ia 4500
008 151202s9999||||xx |||||||||||||| ||und||
082 _bPNVM-16025
100 _aHUXLEY JULIAN.
245 _aRESHAPING MANS HERITAGE.
260 _b"ALLEN & UNWIN, LONDON."
260 _c0
300 _a96
600 _aHUXLEY JULIAN.
630 _aRESHAPING MANS HERITAGE.
700 _aHUXLEY JULIAN.
730 _aRESHAPING MANS HERITAGE.
942 _cBOOK
999 _c1282010
_d1282007